| 000 | 004690000a22001810004500 | ||
|---|---|---|---|
| 003 | MACL | ||
| 005 | 20151230171818.0 | ||
| 008 | 151230b xxu||||| |||| 00| 0 eng d | ||
| 040 |
_aMACL _cMACL |
||
| 041 | _aEnglish | ||
| 082 | _a294.55/ROY | ||
| 100 |
_aMuwahhiddin, Tuhfatul _925322 |
||
| 245 | _aThe English Works of Raja Rammohun Roy | ||
| 260 |
_bThe panini Office _c1906 _aAllahabad |
||
| 350 | _a5 | ||
| 650 |
_aReligion _925324 |
||
| 942 |
_cBK _k294.55/MUW _2ddc |
||
| 999 |
_c38939 _d38939 |
||